Tagore and the Sikh Gurus : (Record no. 104562)

MARC details
000 -LEADER
fixed length control field 00614nam a22001937a 4500
005 - DATE AND TIME OF LATEST TRANSACTION
control field 20161110142003.0
010 ## - LCCN (DPL NO)
LC control number ENG-116508
020 ## - INTERNATIONAL STANDARD BOOK NUMBER
International Standard Book Number 9789350980316
Terms of availability 750.00
035 ## - SYSTEM CONTROL NUMBER
System control number EN-100040
037 ## - SOURCE OF ACQUISITION
Source of stock number/acquisition DBAD/PUB
082 ## - DEWEY DECIMAL CLASSIFICATION NUMBER
Classification number 954
100 ## - MAIN ENTRY--PERSONAL NAME
Personal name Chatterjee,Chhanda
245 ## - TITLE STATEMENT
Title Tagore and the Sikh Gurus :
Statement of responsibility, etc by Chhanda Chatterjee
Remainder of title a seach for an indigenous modernity /
260 ## - PUBLICATION, DISTRIBUTION, ETC. (IMPRINT)
Place of publication, distribution, etc New Delhi
Name of publisher, distributor, etc Manohar Publisher & Distributors
Date of publication, distribution, etc 2014
270 ## - ADDRESS
Address 4753/23 Ansari Road,Daryaganj
City New Delhi
Postal code 110002
300 ## - PHYSICAL DESCRIPTION
Extent 200p.
Dimensions 22cm (Hb)
500 ## - GENERAL NOTE
General note Includes index
942 ## - ADDED ENTRY ELEMENTS (KOHA)
Source of classification or shelving scheme Dewey Decimal Classification
Item type English Books
Classification part 954
Call number suffix CHA
Holdings
Withdrawn status Lost status Not for loan Collection code Home library Current library Date acquired Source of acquisition Cost, normal purchase price Full call number Barcode Copy number Cost, replacement price Koha item type
    Not For Loan Non-fiction D.B.Act.Division Bawana 09/11/2016 DBAD/PUB 750.00 954 CHA EN-100040 1 750.00 English Books

© Delhi Public Library
Hit Counter
free hit counter